000 00286nam a2200121Ia 4500
008 220216s9999 xx 000 0 und d
245 0 _aDefects in sheet rubber - rust
260 _bPlanters Bulletin
_c1962
300 _a57-60
650 _aRust
650 _aSheet rubber
942 _cJS
999 _c56754
_d56754